000 00816nam a2200253Ia 4500
003 OSt
005 20220916110915.0
006 a|||||r|||| 00| 0
007 ta
008 220915b |||||||| |||| 00| 0 hin d
024 _a264837
037 _cTextbook
040 _bhin
_aARTS
_cARTS
041 _ahin
082 _aO152,1M5:g, K5
100 _aत्रिपाठी, रामफेर
245 0 _aकवित्रयी
246 _aPāshchātya kāvya-shāstra ke siddhānta
260 _aनजीराबाद
_bरामा प्रकाशन भारत
_c1965
300 _a188पृ0
_ccm.
650 _aहिन्दी साहित्य
942 _hO152,1M5:g, K5
_cTB
_2CC
999 _c101034
_d101034